[Event "44th World U20 ch"]
[Site "Istanbul TUR"]
[Date "2005.11.21"]
[Round "12.9"]
[White "Sanikidze, Tornike"]
[Black "Tomashevsky, Evgeny"]
[Result "1/2-1/2"]
[WhiteElo "2411"]
[BlackElo "2564"]
[EventDate "2005.11.09"]
[PlyCount "138"]

1.Nf3 Nf6 2.c4 b6 3.g3 c5 4.Bg2 Bb7 5.O-O e6 6.Nc3 Be7 7.d4 cxd4 8.Qxd4 d6
9.Rd1 O-O 10.Nb5 Nc6 11.Qf4 a6 12.Nc3 Qc7 13.b3 Rac8 14.Bb2 Nb8 15.Ba3 Ne8
16.Rac1 Nd7 17.e4 Qb8 18.Qe3 Qa8 19.Nd4 Nef6 20.f3 Rfe8 21.Bb2 Qb8 22.Kh1 
Bf8 23.Re1 Ne5 24.Qe2 Nc6 25.Nc2 Ba8 26.Ne3 Ne5 27.Red1 Ned7 28.a4 Bc6 29.
Bf1 Bb7 30.Qc2 Nc5 31.Bg2 Ncd7 32.Ba3 Bc6 33.Bf1 Red8 34.Qe2 Bb7 35.Qd2 
Nc5 36.Qc2 Qa8 37.Bg2 Qb8 38.Bf1 Bc6 39.Rb1 Ncd7 40.Qe2 Bb7 41.Bg2 Nc5 42.
Qc2 Ba8 43.Qe2 Bc6 44.Bf1 Qa8 45.Qc2 Bb7 46.Bg2 d5 47.exd5 exd5 48.Nexd5 
Nxd5 49.Nxd5 Bxd5 50.Rxd5 Rxd5 51.f4 Ne4 52.Qxe4 Bxa3 53.cxd5 Bd6 54.Re1 
Qb7 55.Bh3 Rd8 56.Rc1 Qe7 57.Qxe7 Bxe7 58.Rc7 Kf8 59.Bg2 a5 60.Be4 g6 61.
Kg2 Bc5 62.Bf3 Kg7 63.Rb7 h6 64.g4 g5 65.f5 Kf6 66.Kf1 Re8 67.d6 Bxd6 68.
Bd5 Ke5 69.Bxf7 Re7 1/2-1/2

[Event "44th World U20 ch"]
[Site "Istanbul TUR"]
[Date "2005.11.21"]
[Round "12.12"]
[White "Zhigalko, Andrei"]
[Black "Li Chao"]
[Result "0-1"]
[WhiteElo "2537"]
[BlackElo "2320"]
[EventDate "2005.11.09"]
[PlyCount "84"]

1.e4 c5 2.Nf3 d6 3.d4 Nf6 4.Nc3 cxd4 5.Nxd4 a6 6.Be3 e5 7.Nb3 Be6 8.f3 
Nbd7 9.g4 b5 10.g5 b4 11.Ne2 Nh5 12.Qd2 Be7 13.Ng3 Nf4 14.h4 h6 15.Bxf4 
exf4 16.Nh5 Bxb3 17.axb3 Kf8 18.Nxf4 hxg5 19.Nd5 g4 20.f4 Bxh4+ 21.Kd1 Nf6
22.Nxf6 Qxf6 23.Rxa6 Rxa6 24.Bxa6 g6 25.Bc4 Qxb2 26.Qd5 Qf6 27.Rf1 Kg7 28.
e5 dxe5 29.fxe5 Qxf1+ 30.Bxf1 Rd8 31.Qd3 Rxd3+ 32.cxd3 Bf2 33.Bg2 Bd4 34.
e6 f5 35.Ke2 Kf6 36.Bd5 f4 37.Ke1 f3 38.Kf1 Bc5 39.Bb7 Kxe6 40.Bc8+ Ke5 
41.d4+ Bxd4 42.Bxg4 Kf4 0-1

[Event "44th World U20 ch"]
[Site "Istanbul TUR"]
[Date "2005.11.21"]
[Round "12.13"]
[White "Kurnosov, Igor"]
[Black "Poobesh Anand, Selvaraj"]
[Result "1-0"]
[WhiteElo "2523"]
[BlackElo "2397"]
[EventDate "2005.11.09"]
[PlyCount "71"]

1.e4 c5 2.Nf3 Nc6 3.d4 cxd4 4.Nxd4 Nf6 5.Nc3 e5 6.Ndb5 d6 7.Nd5 Nxd5 8.
exd5 Nb8 9.c4 Be7 10.Bd3 a6 11.Nc3 O-O 12.O-O f5 13.f3 Nd7 14.Be3 Bg5 15.
Bf2 e4 16.fxe4 f4 17.c5 dxc5 18.d6 Kh8 19.Be2 b6 20.e5 Nxe5 21.Qd5 f3 22.
Qxa8 fxe2 23.Nxe2 Qxd6 24.Bg3 Bf6 25.Qe4 Re8 26.Rae1 Bd7 27.Nc3 Bc6 28.Qf5
Qd4+ 29.Kh1 h6 30.Re2 Bd7 31.Qh5 Qg4 32.Qxg4 Nxg4 33.Rxe8+ Bxe8 34.h3 Bxc3
35.Rf8+ Kh7 36.hxg4 1-0

[Event "44th World U20 ch"]
[Site "Istanbul TUR"]
[Date "2005.11.21"]
[Round "12.14"]
[White "Laznicka, Viktor"]
[Black "Esen, Baris"]
[Result "1/2-1/2"]
[WhiteElo "2517"]
[BlackElo "2384"]
[EventDate "2005.11.09"]
[PlyCount "37"]

1.e4 e6 2.d4 d5 3.Nc3 Bb4 4.Ne2 dxe4 5.a3 Be7 6.Nxe4 Nf6 7.N2g3 O-O 8.c3 
Nbd7 9.Nxf6+ Nxf6 10.Bd3 b6 11.O-O Bb7 12.Qe2 c5 13.Be3 cxd4 14.Bxd4 Qd5 
15.f4 Bc5 16.Bxc5 Qxc5+ 17.Kh1 Rad8 18.Rad1 Rd6 19.Bc2 1/2-1/2

[Event "44th World U20 ch"]
[Site "Istanbul TUR"]
[Date "2005.11.21"]
[Round "12.17"]
[White "Sulashvili, Malkhas"]
[Black "Kuderinov, Kirill"]
[Result "1/2-1/2"]
[WhiteElo "2386"]
[BlackElo "2432"]
[EventDate "2005.11.09"]
[PlyCount "74"]

1.d4 Nf6 2.c4 g6 3.Nf3 Bg7 4.Nc3 O-O 5.Bg5 d6 6.e3 Bf5 7.Bd3 Bxd3 8.Qxd3 
c5 9.dxc5 dxc5 10.Qxd8 Rxd8 11.Bxf6 Bxf6 12.Nd5 Nc6 13.Nxf6+ exf6 14.Ke2 
Kf8 15.Rhd1 Ke7 16.Ne1 Ne5 17.b3 b6 18.Nc2 f5 19.f3 Nc6 20.Rxd8 Rxd8 21.
Rd1 Re8 22.Rd5 h6 23.Kd2 g5 24.Kc3 Ke6 25.a3 Ne7 26.Rd2 h5 27.b4 h4 28.Na1
Rc8 29.Nb3 Rc7 30.bxc5 bxc5 31.f4 f6 32.g3 h3 33.Rd8 Kf7 34.Rh8 Kg7 35.Rd8
Kg6 36.Kc2 gxf4 37.exf4 Nc6 1/2-1/2

[Event "44th World U20 ch"]
[Site "Istanbul TUR"]
[Date "2005.11.21"]
[Round "12.20"]
[White "Terrieux, Kevin"]
[Black "Karakehajov, Kalin"]
[Result "0-1"]
[WhiteElo "2365"]
[BlackElo "2396"]
[EventDate "2005.11.09"]
[PlyCount "120"]

1.d4 d5 2.c4 e6 3.Nf3 c6 4.e3 Nf6 5.Nbd2 Nbd7 6.Bd3 Be7 7.O-O O-O 8.Qe2 c5
9.b3 b6 10.Bb2 Bb7 11.Ne5 cxd4 12.exd4 dxc4 13.bxc4 Nxe5 14.dxe5 Nd7 15.
Rad1 Nc5 16.Bc2 Qc7 17.Rfe1 Rfd8 18.Nf1 Qc6 19.Qg4 Rxd1 20.Rxd1 Rd8 21.
Rxd8+ Bxd8 22.Ne3 Be7 23.Qh3 h6 24.Qg4 Bg5 25.f4 Be7 26.f5 Bg5 27.Bd4 
Bxe3+ 28.Bxe3 exf5 29.Bxf5 Ne6 30.Bxe6 fxe6 31.h4 Kh8 32.h5 Ba6 33.c5 bxc5
34.Qf3 Qd7 35.Bxc5 Bb7 36.Qe2 a6 37.a3 Qc6 38.Bd6 Qc1+ 39.Kh2 Qg5 40.g3 
Qc1 41.g4 Qf4+ 42.Kg1 Bf3 43.Qh2 Qd4+ 44.Qf2 Qxg4+ 45.Kf1 Qxh5 46.Ke1 Qg4 
47.Kd2 Bd5 48.Be7 Kh7 49.Bd6 Qg2 50.Qxg2 Bxg2 51.Ke3 g5 52.Kf2 Bd5 53.Be7 
Kg6 54.Kg3 Kf5 55.Bf6 h5 56.Be7 Be4 57.Bf6 h4+ 58.Kh3 Kf4 59.Bd8 Bf5+ 60.
Kh2 Kg4 0-1

[Event "44th World U20 ch"]
[Site "Istanbul TUR"]
[Date "2005.11.21"]
[Round "12.22"]
[White "Gopal, Geetha Narayanan"]
[Black "Moradiabadi, Elshan"]
[Result "1/2-1/2"]
[WhiteElo "2327"]
[BlackElo "2497"]
[EventDate "2005.11.09"]
[PlyCount "43"]

1.e4 c5 2.Nf3 e6 3.d4 cxd4 4.Nxd4 Nf6 5.Nc3 d6 6.Be2 a6 7.O-O Be7 8.a4 O-O
9.f4 Qc7 10.Be3 Nc6 11.Kh1 Rb8 12.Qe1 e5 13.fxe5 Nxe5 14.Qg3 Kh8 15.a5 Be6
16.Nf5 Bxf5 17.Rxf5 Rbc8 18.Bd4 Qc6 19.Bd3 Rce8 20.Raf1 Bd8 21.Qh3 Qd7 22.
Nd5 1/2-1/2

[Event "44th World U20 ch"]
[Site "Istanbul TUR"]
[Date "2005.11.21"]
[Round "12.23"]
[White "Kurmann, Oliver"]
[Black "Cornette, Matthieu"]
[Result "1/2-1/2"]
[WhiteElo "2287"]
[BlackElo "2418"]
[EventDate "2005.11.09"]
[PlyCount "70"]

1.e4 d5 2.exd5 Qxd5 3.Nc3 Qa5 4.d4 Nf6 5.Nf3 c6 6.Bc4 Bf5 7.Bd2 e6 8.Nd5 
Qd8 9.Nxf6+ Qxf6 10.Qe2 Bd6 11.O-O-O Bg4 12.d5 Bxf3 13.gxf3 cxd5 14.Bxd5 
Nc6 15.Bc3 Bf4+ 16.Kb1 e5 17.Bxc6+ bxc6 18.Bb4 Rb8 19.Ba3 c5 20.Bxc5 Qc6 
21.Ba3 f6 22.Qd3 Kf7 23.Qd7+ Qxd7 24.Rxd7+ Ke6 25.Rxg7 Rbg8 26.Re7+ Kf5 
27.h4 a5 28.Ra7 Rg2 29.Bc5 h5 30.a4 Bh2 31.Rxa5 Bg1 32.b4 Rc8 33.Rxg1 
Rxg1+ 34.Kb2 Rh1 35.Rb5 Rxh4 1/2-1/2

[Event "44th World U20 ch"]
[Site "Istanbul TUR"]
[Date "2005.11.21"]
[Round "12.25"]
[White "Krivokapic, Marko"]
[Black "Xie, George Wendi"]
[Result "1/2-1/2"]
[WhiteElo "2361"]
[BlackElo "2340"]
[EventDate "2005.11.09"]
[PlyCount "78"]

1.e4 c5 2.Nf3 Nc6 3.d4 cxd4 4.Nxd4 Nf6 5.Nc3 e5 6.Ndb5 d6 7.a4 a6 8.Na3 
Be6 9.Bc4 Rc8 10.Bg5 Be7 11.O-O O-O 12.Bxf6 Bxf6 13.Nd5 Bg5 14.c3 Kh8 15.
Nc2 g6 16.Qd3 f5 17.Rad1 Ne7 18.Ba2 Rc5 19.Ncb4 Ng8 20.exf5 Bxf5 21.Qe2 
Nh6 22.Ne3 Bc8 23.Nd3 Rc7 24.Nxe5 Qe8 25.Nf3 Bg4 26.Bd5 Nf5 27.Rfe1 Nxe3 
28.fxe3 Qxa4 29.Rd4 Bxf3 30.Bxf3 Qd7 31.Qd3 Rf6 32.Rd5 Bh6 33.Rd1 Qe7 34.
Rxd6 Bxe3+ 35.Kf1 Bf4 36.Rxf6 Qxf6 37.g3 Be5 38.Qd8+ Qxd8 39.Rxd8+ Kg7 
1/2-1/2

[Event "44th World U20 ch"]
[Site "Istanbul TUR"]
[Date "2005.11.21"]
[Round "12.27"]
[White "Tikkanen, Hans"]
[Black "Zeynalov, Farid"]
[Result "1-0"]
[WhiteElo "2343"]
[BlackElo "2179"]
[EventDate "2005.11.09"]
[PlyCount "95"]

1.d4 Nf6 2.c4 e5 3.dxe5 Ng4 4.Bf4 Nc6 5.Nf3 Bb4+ 6.Nbd2 Qe7 7.a3 Ngxe5 8.
Nxe5 Nxe5 9.e3 Bxd2+ 10.Qxd2 d6 11.Qc3 O-O 12.c5 Bf5 13.Be2 Rfe8 14.cxd6 
Qxd6 15.O-O c6 16.Rfd1 Qe7 17.Rd4 Ng6 18.Bg3 Red8 19.Rad1 Nf8 20.Bd6 Qe8 
21.h4 Rd7 22.R4d2 Rad8 23.Bxf8 Qxf8 24.Rxd7 Rxd7 25.Rxd7 Bxd7 26.Qd4 Qc8 
27.Qxa7 g6 28.Qd4 h5 29.Qf6 Be6 30.Qe7 Qd7 31.Qxd7 Bxd7 32.Kh2 Kg7 33.Kg3 
Kf6 34.Kf4 Be6 35.f3 Bd5 36.g4 c5 37.e4 Bc6 38.Bc4 b5 39.Bd5 Bd7 40.e5+ 
Kg7 41.gxh5 gxh5 42.Kg5 Be8 43.f4 c4 44.f5 Bd7 45.e6 fxe6 46.Bxe6 Be8 47.
f6+ Kf8 48.Bf5 1-0

[Event "44th World U20 ch"]
[Site "Istanbul TUR"]
[Date "2005.11.21"]
[Round "12.28"]
[White "Kvon, Andrei"]
[Black "Grecescu, Gabriel-Andrei"]
[Result "0-1"]
[WhiteElo "2293"]
[BlackElo "2380"]
[EventDate "2005.11.09"]
[PlyCount "70"]

1.e4 g6 2.d4 c6 3.Nc3 Bg7 4.Be3 d6 5.f4 b5 6.Bd3 Nf6 7.Nf3 b4 8.Ne2 Ba6 9.
f5 Qb6 10.Bg5 Nbd7 11.Nf4 O-O 12.Qe2 Bxd3 13.Nxd3 e6 14.e5 exf5 15.exf6 
Nxf6 16.O-O Ne4 17.Be3 Rfe8 18.Rfe1 c5 19.dxc5 dxc5 20.Rab1 Qa5 21.Nd2 
Nxd2 22.Qxd2 c4 23.Nf4 Rad8 24.Qf2 Qxa2 25.Bxa7 Rxe1+ 26.Rxe1 Qxb2 27.Bb6 
Rb8 28.Nd5 h5 29.Kh1 Ra8 30.Bc5 b3 31.cxb3 Qxf2 32.Bxf2 cxb3 33.Bb6 Ra2 
34.Bg1 b2 35.Bd4 Ra1 0-1

[Event "44th World U20 ch"]
[Site "Istanbul TUR"]
[Date "2005.11.21"]
[Round "12.29"]
[White "Ouakhir, Mehdi"]
[Black "Zinchenko, Yaroslav"]
[Result "0-1"]
[WhiteElo "2239"]
[BlackElo "2485"]
[EventDate "2005.11.09"]
[PlyCount "94"]

1.d4 d5 2.c4 e6 3.Nc3 c6 4.e3 f5 5.g4 Nf6 6.gxf5 exf5 7.Qb3 dxc4 8.Bxc4 
Bd6 9.Bd2 Qe7 10.Nf3 b5 11.Bd3 Be6 12.Qc2 g6 13.h4 Nbd7 14.O-O-O b4 15.Ne2
Bd5 16.Rh3 Rc8 17.Nf4 Nb6 18.Kb1 Ne4 19.Be1 O-O 20.Qe2 Bf7 21.Ka1 a5 22.
Ne5 Bxe5 23.dxe5 Qxe5 24.f3 Nc5 25.Bb1 Rfe8 26.Qg2 Nc4 27.Nxg6 hxg6 28.f4 
Qf6 29.h5 Nxe3 30.Rxe3 Rxe3 31.hxg6 Bd5 32.Qh2 Rc7 33.Bh4 Qe6 34.Bf2 Re2 
35.Qh4 Rxf2 36.Qxf2 Nd7 37.Rg1 Nf6 38.Qb6 Re7 39.Qd8+ Re8 40.Qxa5 b3 41.a3
Be4 42.Re1 Qd5 43.Qa7 Bxb1 44.Rxe8+ Nxe8 45.Qh7+ Kf8 46.Qh8+ Qg8 47.Qxg8+ 
Kxg8 0-1

[Event "44th World U20 ch"]
[Site "Istanbul TUR"]
[Date "2005.11.21"]
[Round "12.30"]
[White "Barnaure, Vlad-Victor"]
[Black "Carron, Julien"]
[Result "1-0"]
[WhiteElo "2454"]
[BlackElo "2314"]
[EventDate "2005.11.09"]
[PlyCount "84"]

1.d4 Nf6 2.c4 e6 3.Nf3 b6 4.Nc3 Bb4 5.Bg5 Bb7 6.Nd2 h6 7.Bh4 Be7 8.e3 c5 
9.Nb3 cxd4 10.Nxd4 O-O 11.Ndb5 d5 12.Bg3 a6 13.cxd5 Nxd5 14.Nxd5 exd5 15.
Nc3 Bf6 16.Be2 d4 17.exd4 Bxg2 18.Rg1 Bb7 19.d5 Bxc3+ 20.bxc3 Qxd5 21.Qxd5
Bxd5 22.O-O-O Be6 23.Be5 g6 24.Bd3 Nd7 25.Bd4 Nc5 26.Bxg6 fxg6 27.Rxg6+ 
Kf7 28.Rg7+ Ke8 29.Bxc5 bxc5 30.Re1 Rxf2 31.Rg8+ Kf7 32.Rxa8 Rxa2 33.Rb8 
Bf5 34.Rb2 Ra3 35.Kd2 c4 36.Re5 Bd3 37.Rc5 Ra1 38.Rb6 Ra2+ 39.Ke3 Re2+ 40.
Kf3 h5 41.Rc7+ Re7 42.Rxe7+ Kxe7 1-0

[Event "44th World U20 ch"]
[Site "Istanbul TUR"]
[Date "2005.11.21"]
[Round "12.31"]
[White "Akshat, Khamparia"]
[Black "Perdomo, Leandro"]
[Result "1-0"]
[WhiteElo "2275"]
[BlackElo "2373"]
[EventDate "2005.11.09"]
[PlyCount "89"]

1.d4 Nf6 2.c4 g6 3.Nc3 Bg7 4.Nf3 O-O 5.g3 d6 6.Bg2 Nbd7 7.O-O e5 8.h3 Re8 
9.e4 exd4 10.Nxd4 Nc5 11.Re1 a5 12.Ndb5 Bd7 13.Qc2 Qc8 14.Kh2 Re5 15.f3 
Rh5 16.h4 h6 17.Kg1 Be6 18.Qe2 c6 19.Nxd6 Qf8 20.Rd1 g5 21.hxg5 hxg5 22.g4
Rh6 23.Bxg5 Rg6 24.Qe3 b6 25.Nf5 Re8 26.Bf4 Nb7 27.Nh4 Nd7 28.Nxg6 fxg6 
29.Bg3 c5 30.Rab1 Ne5 31.b3 Nd8 32.Nb5 Qe7 33.Rd6 Ndc6 34.Rbd1 Rf8 35.g5 
Nd4 36.R6xd4 cxd4 37.Rxd4 Bc8 38.Rd6 Ba6 39.Bxe5 Qxe5 40.Rxg6 Bc8 41.Qd4 
Qe7 42.Qd6 Qe8 43.Nc7 Qf7 44.Nd5 Kh7 45.Rh6+ 1-0

[Event "44th World U20 ch"]
[Site "Istanbul TUR"]
[Date "2005.11.21"]
[Round "12.32"]
[White "Nava, Roderick"]
[Black "Samakov, Nurdin"]
[Result "0-1"]
[WhiteElo "2317"]
[BlackElo "2209"]
[EventDate "2005.11.09"]
[PlyCount "112"]

1.d4 d5 2.c4 dxc4 3.Nf3 Nf6 4.e3 e6 5.Bxc4 c5 6.O-O a6 7.a4 Nc6 8.Qe2 cxd4
9.Rd1 Be7 10.exd4 O-O 11.Nc3 Nd5 12.Ne5 Nxe5 13.Bxd5 exd5 14.dxe5 Be6 15.
Qf3 Qa5 16.Ne2 Rac8 17.Bd2 Bb4 18.Be3 Rc2 19.Nd4 Rc4 20.Qg3 Kh8 21.b3 Rc3 
22.Qf4 Rcc8 23.Bd2 Bxd2 24.Rxd2 b5 25.Rda2 b4 26.Rc1 Rxc1+ 27.Qxc1 Qb6 28.
Qd2 Rc8 29.Rc2 Rxc2 30.Nxc2 a5 31.Nd4 h6 32.Qe3 Qc7 33.h3 Qc8 34.Qf4 Qc3 
35.Kh2 Kh7 36.g4 Bc8 37.Qe3 Ba6 38.Kg3 Bd3 39.f4 Be4 40.Qxc3 bxc3 41.Kf2 
c2 42.Ne2 d4 43.Ke1 d3 44.Nc1 g5 45.fxg5 hxg5 46.Kd2 Kg7 47.Na2 Kf8 48.b4 
axb4 49.Nxb4 Ke7 50.a5 Kd7 51.Na6 Kc6 52.Nb8+ Kc7 53.Na6+ Kc6 54.Nb8+ Kb5 
55.Nd7 Kb4 56.Nb6 Kxa5 0-1

[Event "44th World U20 ch"]
[Site "Istanbul TUR"]
[Date "2005.11.21"]
[Round "12.34"]
[White "Pileckis, Emilis"]
[Black "Wei Chenpeng"]
[Result "1-0"]
[WhiteElo "2255"]
[BlackElo "2390"]
[EventDate "2005.11.09"]
[PlyCount "61"]

1.d4 d5 2.c4 c6 3.Nc3 Nf6 4.Nf3 a6 5.c5 Nbd7 6.Bf4 Nh5 7.e3 g6 8.Bd3 Bg7 
9.O-O O-O 10.Bg5 Nhf6 11.Re1 Re8 12.Na4 h6 13.Bh4 a5 14.Ne5 Ra7 15.Qc2 
Nxe5 16.dxe5 Ng4 17.f4 d4 18.Rad1 Nxe3 19.Rxe3 dxe3 20.Bc4 Bf5 21.Rxd8 
Rxd8 22.Qb3 Rd4 23.Bg3 e6 24.Qc3 Re4 25.Nb6 e2 26.Nc8 Bf8 27.Nd6 Bxd6 28.
exd6 Ra8 29.Be1 a4 30.g3 Rf8 31.Kf2 1-0

[Event "44th World U20 ch"]
[Site "Istanbul TUR"]
[Date "2005.11.21"]
[Round "12.36"]
[White "Can, Emre"]
[Black "Cil, Hasan Kivanc"]
[Result "1-0"]
[WhiteElo "2287"]
[BlackElo "2067"]
[EventDate "2005.11.09"]
[PlyCount "67"]

1.e4 c6 2.d4 d5 3.Nd2 e6 4.Ngf3 c5 5.exd5 exd5 6.Bb5+ Nc6 7.O-O Qb6 8.c4 
Be6 9.Bxc6+ bxc6 10.cxd5 cxd5 11.Re1 Nf6 12.Qa4+ Nd7 13.Nc4 dxc4 14.d5 
O-O-O 15.dxe6 fxe6 16.Bf4 e5 17.Bg5 Nf6 18.Nxe5 Bd6 19.Nxc4 Qc7 20.Nxd6+ 
Rxd6 21.Bf4 Qd7 22.Qxd7+ Rxd7 23.Rac1 Rd5 24.Re7 Nd7 25.Rxg7 Re8 26.Be3 h5
27.h3 Re4 28.g3 Ra4 29.a3 c4 30.b3 Rxa3 31.bxc4 Rdd3 32.c5 Ne5 33.Bf4 Nc6 
34.Rc7+ 1-0

[Event "44th World U20 ch"]
[Site "Istanbul TUR"]
[Date "2005.11.21"]
[Round "12.38"]
[White "Moosavian, Seyed Hamed"]
[Black "Stander, Heinrich"]
[Result "1-0"]
[WhiteElo "2263"]
[BlackElo "2128"]
[EventDate "2005.11.09"]
[PlyCount "81"]

1.e4 d6 2.Nf3 Nf6 3.Nc3 e5 4.d4 exd4 5.Qxd4 Be7 6.Bg5 Nc6 7.Bb5 O-O 8.Bxc6
bxc6 9.O-O-O Be6 10.e5 Ne8 11.Bxe7 Qxe7 12.Rhe1 dxe5 13.Nxe5 Nd6 14.Nxc6 
Qe8 15.Nd5 Qd7 16.Rd3 Kh8 17.Nde7 Rae8 18.Rg3 f6 19.Rge3 Nf5 20.Qxd7 Bxd7 
21.Nxf5 Bxc6 22.f3 Bd7 23.Ne7 g6 24.Rd3 Bb5 25.Rb3 a6 26.Rbe3 Kg7 27.c4 
Bd7 28.Nd5 c5 29.Nc7 Rxe3 30.Rxe3 Bc8 31.Re7+ Kh6 32.Nd5 Bf5 33.g4 Bd3 34.
b3 Bf1 35.h4 g5 36.h5 Bg2 37.Ne3 f5 38.Nxg2 fxg4 39.fxg4 a5 40.Ne3 a4 41.
Nf5+ 1-0

[Event "44th World U20 ch"]
[Site "Istanbul TUR"]
[Date "2005.11.21"]
[Round "12.40"]
[White "Tanrikulu, Secim Erhan"]
[Black "Citak, Selim"]
[Result "1/2-1/2"]
[WhiteElo "2151"]
[BlackElo "2291"]
[EventDate "2005.11.09"]
[PlyCount "24"]

1.e4 c6 2.e5 d6 3.exd6 exd6 4.d4 Nf6 5.Nf3 Be7 6.Bd3 Bg4 7.O-O O-O 8.Bg5 
h6 9.Bh4 d5 10.Nbd2 Nbd7 11.c3 Re8 12.Qc2 Ne4 1/2-1/2

[Event "44th World U20 ch"]
[Site "Istanbul TUR"]
[Date "2005.11.21"]
[Round "12.42"]
[White "Agdestein, Emil"]
[Black "Lauda, Alexandr"]
[Result "1/2-1/2"]
[WhiteElo "2057"]
[BlackElo "2010"]
[EventDate "2005.11.09"]
[PlyCount "87"]

1.e4 c5 2.Nc3 e6 3.f4 Nc6 4.Nf3 d5 5.Bb5 Ne7 6.d3 d4 7.Bxc6+ Nxc6 8.Ne2 g6
9.O-O Bg7 10.Ng3 h5 11.e5 Ne7 12.Ne4 Nf5 13.Nxc5 Qe7 14.Ne4 Bd7 15.g3 Bc6 
16.Qe2 O-O 17.a4 Rfd8 18.b3 Qc7 19.Qf2 Rac8 20.Re1 Bxe4 21.dxe4 Ne3 22.c4 
Bf8 23.Bxe3 dxe3 24.Qc2 Rd7 25.Kf1 Bc5 26.Red1 Rcd8 27.Ke2 a5 28.Rxd7 Rxd7
29.Rd1 Rxd1 30.Qxd1 Qb6 31.Qd3 Qb4 32.Ne1 Qa3 33.Qb1 Qb4 34.Qc2 Qa3 35.Nd3
Bd4 36.Qb1 b6 37.Kf3 Kg7 38.h3 Kg8 39.Kg2 Bc3 40.Kf3 Bd4 41.h4 Kg7 42.Ke2 
Kg8 43.Kf3 Kg7 44.Ke2 1/2-1/2

[Event "44th World U20 ch"]
[Site "Istanbul TUR"]
[Date "2005.11.21"]
[Round "12.45"]
[White "Uesugi, Shinsaku"]
[Black "Laval, Brice"]
[Result "1-0"]
[WhiteElo "2040"]
[BlackElo "2214"]
[EventDate "2005.11.09"]
[PlyCount "57"]

1.e4 g6 2.d4 Bg7 3.Nc3 c6 4.Be3 d6 5.Qd2 b5 6.a3 a6 7.Nf3 Nd7 8.Be2 Bb7 9.
O-O Rc8 10.Bd3 c5 11.Rfe1 cxd4 12.Nxd4 Ngf6 13.Bh6 O-O 14.Bxg7 Kxg7 15.Kh1
Qb6 16.Nf3 e5 17.h3 Rfe8 18.Rad1 Nc5 19.Qe3 Rcd8 20.Nh4 h6 21.Qg3 Kh7 22.
Qf3 Kg7 23.Qg3 Kh7 24.Qf3 Kg7 25.Qg3 Bc8 26.Qf3 Ne6 27.Qxf6+ Kxf6 28.Nd5+ 
Kg5 29.Nf3+ 1-0

[Event "44th World U20 ch"]
[Site "Istanbul TUR"]
[Date "2005.11.22"]
[Round "13.4"]
[White "l`Ami, Erwin"]
[Black "Gashimov, Vugar"]
[Result "0-1"]
[WhiteElo "2541"]
[BlackElo "2608"]
[EventDate "2005.11.09"]
[PlyCount "108"]

1.d4 Nf6 2.c4 e6 3.Nc3 c5 4.d5 exd5 5.cxd5 Bd6 6.Nf3 O-O 7.Bg5 Re8 8.Qc2 
Bc7 9.e4 d6 10.Bd3 Nbd7 11.O-O h6 12.Bh4 a6 13.a4 Rb8 14.Nd2 g5 15.Bg3 Nh5
16.Be2 Nf4 17.Bg4 b5 18.axb5 axb5 19.Nd1 c4 20.Ne3 Bb6 21.Kh1 Qf6 22.b3 
cxb3 23.Qxb3 Bd4 24.Rab1 Nc5 25.Qd1 Bxg4 26.Nxg4 Qg6 27.f3 h5 28.Nf2 Be5 
29.Nb3 Na4 30.Qd2 Nb6 31.Nd3 Nc4 32.Nxe5 Nxd2 33.Nxg6 Nxf1 34.Bxf4 gxf4 
35.Nxf4 Ne3 36.Nd4 Rec8 37.h4 f5 38.Nc6 Rb7 39.Nxh5 Kf8 40.Nf4 fxe4 41.
fxe4 Ng4 42.g3 Nf2+ 43.Kg2 Nxe4 44.h5 Nc3 45.Rf1 Kg8 46.h6 b4 47.Ne6 b3 
48.Ncd8 Rxd8 49.Nxd8 Re7 50.g4 b2 51.g5 Kh7 52.Ne6 b1=Q 53.Rxb1 Nxb1 54.
Nf8+ Kg8 0-1

[Event "44th World U20 ch"]
[Site "Istanbul TUR"]
[Date "2005.11.22"]
[Round "13.7"]
[White "Li Chao"]
[Black "Predojevic, Borki"]
[Result "1-0"]
[WhiteElo "2320"]
[BlackElo "2558"]
[EventDate "2005.11.09"]
[PlyCount "79"]

1.e4 e5 2.Nf3 d6 3.d4 exd4 4.Nxd4 Nf6 5.Nc3 Be7 6.Bf4 O-O 7.Qd2 Nc6 8.Be2 
Nxd4 9.Qxd4 Be6 10.O-O-O a6 11.h4 b5 12.Nd5 Bxd5 13.exd5 Nd7 14.g4 Re8 15.
g5 Bf8 16.Be3 g6 17.h5 Bg7 18.Qh4 Rxe3 19.fxe3 Qe7 20.Rh3 Nf8 21.Qf4 Be5 
22.Qg4 Bg7 23.Rf3 Re8 24.c3 Nd7 25.Qh4 Qe4 26.Qxe4 Rxe4 27.Rdf1 Re7 28.h6 
Bf8 29.Kc2 Nb6 30.Kd2 Nd7 31.Rf4 Nb6 32.c4 b4 33.Bg4 f5 34.gxf6 Re5 35.f7+
Kh8 36.b3 g5 37.Rf6 Re4 38.Rg1 Be7 39.f8=Q+ Bxf8 40.Rxf8# 1-0

[Event "44th World U20 ch"]
[Site "Istanbul TUR"]
[Date "2005.11.22"]
[Round "13.8"]
[White "Wang Hao"]
[Black "Kurnosov, Igor"]
[Result "1/2-1/2"]
[WhiteElo "2519"]
[BlackElo "2523"]
[EventDate "2005.11.09"]
[PlyCount "89"]

1.e4 c5 2.Nf3 d6 3.d4 cxd4 4.Nxd4 Nf6 5.Nc3 a6 6.Be3 e6 7.Be2 Qc7 8.f4 b5 
9.Bf3 Bb7 10.e5 dxe5 11.Bxb7 exd4 12.Bxa8 dxe3 13.Qf3 Ba3 14.Nd1 Bxb2 15.
Nxb2 Qc3+ 16.Ke2 Qxc2+ 17.Kxe3 Qxb2 18.Rhb1 Qc3+ 19.Kf2 Qd4+ 20.Kf1 O-O 
21.Rd1 Qc4+ 22.Kg1 Nbd7 23.Bb7 Rb8 24.Rac1 Qxa2 25.Qc3 h5 26.Rd2 Qc4 27.
Qxc4 bxc4 28.Bc6 Nf8 29.Rxc4 Ng6 30.g3 h4 31.Bf3 hxg3 32.hxg3 Ne7 33.Ra4 
Rb6 34.Kf2 Ned5 35.g4 Nc3 36.Rc4 Nfd5 37.f5 Kf8 38.Rc2 Rb3 39.Rc6 Ke7 40.
Rxa6 exf5 41.gxf5 Nb4 42.f6+ gxf6 43.Ra7+ Ke6 44.Rd2 f5 45.Kg2 1/2-1/2

[Event "44th World U20 ch"]
[Site "Istanbul TUR"]
[Date "2005.11.22"]
[Round "13.9"]
[White "Bartel, Mateusz"]
[Black "Magalashvili, Davit"]
[Result "0-1"]
[WhiteElo "2513"]
[BlackElo "2448"]
[EventDate "2005.11.09"]
[PlyCount "72"]

1.e4 c5 2.Ne2 Nf6 3.Nbc3 d6 4.h3 a6 5.g4 b5 6.g5 Nfd7 7.Ng3 Bb7 8.Bg2 e6 
9.d3 Be7 10.f4 d5 11.O-O b4 12.Nce2 dxe4 13.Nxe4 Nc6 14.N2g3 g6 15.c3 O-O 
16.h4 Nb6 17.h5 Nd5 18.Qg4 bxc3 19.hxg6 hxg6 20.bxc3 Nxc3 21.Nxc3 Qd4+ 22.
Rf2 Ne5 23.Qe2 Nxd3 24.Bxb7 Qxc3 25.Bb2 Nxb2 26.Bxa8 Qxg3+ 27.Kf1 Rxa8 28.
Qxb2 Rd8 29.Qb7 Qh3+ 30.Kg1 Rd3 31.Rh2 Qe3+ 32.Rf2 Bd6 33.Qa8+ Kg7 34.Qh1 
Bxf4 35.Qh6+ Kg8 36.Rb1 Bg3 0-1

[Event "44th World U20 ch"]
[Site "Istanbul TUR"]
[Date "2005.11.22"]
[Round "13.10"]
[White "Tomashevsky, Evgeny"]
[Black "Livshits, Gaby"]
[Result "1-0"]
[WhiteElo "2564"]
[BlackElo "2381"]
[EventDate "2005.11.09"]
[PlyCount "63"]

1.c4 Nf6 2.Nc3 g6 3.g3 Bg7 4.Bg2 O-O 5.d3 c6 6.e4 d6 7.Nge2 Na6 8.O-O Nc7 
9.f4 e5 10.h3 b5 11.f5 b4 12.Na4 d5 13.g4 h6 14.Ng3 g5 15.exd5 cxd5 16.Be3
Re8 17.Bf2 Bd7 18.Nc5 Bc6 19.Rc1 Rc8 20.Re1 a5 21.cxd5 Ncxd5 22.Nce4 Nf4 
23.Nxf6+ Qxf6 24.Bxc6 Nxh3+ 25.Kf1 Nxf2 26.Kxf2 e4 27.Bxe8 Qxb2+ 28.Qe2 
e3+ 29.Kf3 Rxc1 30.Qxb2 Bxb2 31.Rxc1 Bxc1 32.Nf1 1-0

[Event "44th World U20 ch"]
[Site "Istanbul TUR"]
[Date "2005.11.22"]
[Round "13.11"]
[White "Khairullin, Ildar"]
[Black "Glud, Jakob Vang"]
[Result "1/2-1/2"]
[WhiteElo "2537"]
[BlackElo "2349"]
[EventDate "2005.11.09"]
[PlyCount "92"]

1.e4 e6 2.d4 d5 3.e5 c5 4.c3 Qb6 5.Nf3 Bd7 6.a3 a5 7.b3 Ne7 8.Bd3 cxd4 9.
cxd4 Bb5 10.Bxb5+ Qxb5 11.Nc3 Qb6 12.O-O Nec6 13.Ne2 Be7 14.h4 Nd7 15.Be3 
a4 16.b4 Qd8 17.g3 Nb6 18.Nd2 Qd7 19.Nf4 Nxe5 20.dxe5 d4 21.Nxe6 fxe6 22.
Bg5 Bxg5 23.Qh5+ Qf7 24.Qxg5 O-O 25.Qg4 Rad8 26.Rac1 Rd5 27.Rc5 d3 28.Rxd5
Nxd5 29.Qe4 Qh5 30.Qxd3 Qxe5 31.Nc4 Qf6 32.Qe4 Nc3 33.Qxb7 Ne2+ 34.Kg2 
Nxg3 35.Kxg3 Qf4+ 36.Kh3 Qxc4 37.Rg1 Qd3+ 38.Rg3 Qf5+ 39.Rg4 g6 40.Qe4 
Qxe4 41.Rxe4 Rxf2 42.Rxe6 Rf3+ 43.Kg4 Rxa3 44.Ra6 Kg7 45.Ra7+ Kh6 46.b5 
Rb3 1/2-1/2

[Event "44th World U20 ch"]
[Site "Istanbul TUR"]
[Date "2005.11.22"]
[Round "13.12"]
[White "Karakehajov, Kalin"]
[Black "Laznicka, Viktor"]
[Result "1/2-1/2"]
[WhiteElo "2396"]
[BlackElo "2517"]
[EventDate "2005.11.09"]
[PlyCount "32"]

1.d4 Nf6 2.Nf3 e6 3.e3 c5 4.b3 b6 5.Bb2 cxd4 6.Nxd4 Bb7 7.Nd2 a6 8.Be2 
Bxg2 9.Rg1 Bb7 10.Bf3 Qc7 11.Bxb7 Qxb7 12.Qe2 d5 13.c4 Nbd7 14.cxd5 Qxd5 
15.O-O-O b5 16.Kb1 g6 1/2-1/2

[Event "44th World U20 ch"]
[Site "Istanbul TUR"]
[Date "2005.11.22"]
[Round "13.13"]
[White "Heberla, Bartlomiej"]
[Black "Sengupta, Deep"]
[Result "0-1"]
[WhiteElo "2465"]
[BlackElo "2400"]
[EventDate "2005.11.09"]
[PlyCount "80"]

1.e4 e6 2.d4 d5 3.Nc3 Bb4 4.Bd3 c5 5.exd5 Qxd5 6.Bd2 Bxc3 7.Bxc3 cxd4 8.
Bxd4 e5 9.Bc3 Nc6 10.Qe2 Nge7 11.Nf3 f6 12.Bc4 Qc5 13.O-O-O Bg4 14.Bb3 b5 
15.h3 Bh5 16.g4 Bg6 17.Bd2 e4 18.Nh4 Nd4 19.Qe3 Nd5 20.Qe1 Rc8 21.c3 Nxb3+
22.axb3 Nb4 23.Be3 Qe7 24.Nxg6 hxg6 25.Kb1 Nd3 26.Qe2 Qe6 27.Bd4 Kf7 28.f3
Qxb3 29.fxe4 Nf4 30.Qf3 g5 31.e5 Rc7 32.exf6 gxf6 33.h4 Re7 34.Rd2 Rxh4 
35.Rf1 Qe6 36.Ka1 Rh3 37.Qa8 b4 38.Kb1 Qa6 39.Rxf4 Re1+ 40.Kc2 Qa4+ 0-1